00513nam a2200181Ia 4500008004100000020001900041082000800060100002500068245003100093250000600124260002800130300001700158500002400175650001800199942000700217952009000224999001700314230524s9999 xx 000 0 und d a97801994595754 bRAJ aR.Rajagopalan942341 0a"Environmental Studies , " a3 aNew DelhibOxfordc2016 a"XXVI,334p;" aQuantity Number: 1 aEnvironmental cBK 00104070aTATCLbTATCLcGENd2023-05-24l0o RAJp53970r2023-05-24w2023-05-24yBK c56668d56668